[Event "2nd Cairns Cup 2020"]
[Site "Saint Louis"]
[Date "2020.02.15"]
[Round "8.5"]
[White "Lagno, Kateryna"]
[Black "Krush, Irina"]
[Result "1/2-1/2"]
[WhiteElo "2552"]
[BlackElo "2422"]
[Annotator "TA"]
[PlyCount "156"]
[EventDate "2020.02.07"]
[EventCountry "USA"]
[SourceTitle "playchess.com"]
[Source "ChessBase"]
[SourceQuality "1"]

{[%evp 16,156,40,41,47,25,27,24,26,25,25,28,34,0,8,-36,-35,-33,0,0,0,0,3,-12,23,29,31,25,28,27,50,47,33,39,37,-16,-12,-104,-81,-76,-58,-41,-33,-49,-31,-83,-81,-366,-364,-359,-337,-358,-365,-366,-362,-369,-354,-365,-309,-402,-386,-396,-383,-403,-396,-410,-421,-499,-490,-545,-544,-486,-136,-136,-136,-136,-136,-136,-136,-136,-136,-136,-136,-136,-89,-89,-89,-89,-89,-89,-89,-89,-89,-121,-130,-154,-154,-167,-167,-167,-167,-167,-167,-167,-167,-167,-167,-167,-121,-152,-152,-152,-120,-120,-120,-152,-71,-120,-120,-120,-120,-120,-120,-120,-120,-120,-120,-120,-120,-120,0,-120,-77,-120,-120,-120,-120,-120,-120,-120,-120,-120,-120]} 1. e4 c5 2. Nf3 Nc6 3. d4 cxd4 4. Nxd4 Qb6 5. Nb3 Nf6 6. Nc3 e6 7. a3 Be7 8. Be3 Qc7 9. f4 d6 {B33: Sicilian: Pelikan and Sveshnikov Variations.} 10. Bd3 a6 11. Na4 Nd7 {White has an edge.} 12. c4 b6 13. O-O Nc5 14. Nbxc5 (14. Nc3 {is interesting.} O-O 15. Bc2 Bf6 16. Nd4 Bb7 17. Nde2) 14... bxc5 {[#]} 15. f5 $146 ({Predecessor:} 15. Qg4 O-O 16. f5 Ne5 17. Qg3 exf5 18. exf5 Bf6 19. Be4 Nxc4 20. Bh6 Be5 21. Qd3 {0-1 (37) Gardner,R-Starr,S Winnipeg 1994}) 15... Ne5 16. Nc3 Qd8 17. Be2 O-O 18. Qd2 Rb8 19. Rad1 Kh8 20. b4 cxb4 21. axb4 Rxb4 22. Nd5 Rb3 23. Nxe7 Qxe7 24. f6 gxf6 25. Bd4 (25. Bf2 $14) 25... Rg8 $11 26. Rb1 (26. Qc2 $11 {keeps the balance.} Rb4 27. Qc3) 26... Rxb1 $1 $17 27. Rxb1 Ng6 28. Rb6 e5 29. Be3 Rd8 30. Rb8 {[#]} (30. h3 $15) 30... Nf4 $1 {[%mdl 64] Deflection} 31. Bxf4 $2 {[%mdl 8192]} (31. Rb6 $17) 31... Qa7+ $19 {[%mdl 64] Double Attack} 32. Qe3 Qxb8 33. Bg3 Rg8 34. Qh6 Qb1+ 35. Bf1 Qb6+ $1 36. c5 {[#]} Qd8 $1 ({Stronger than} 36... Qxc5+ 37. Bf2 $11) ({Not} 36... dxc5 $2 37. Bh4 $18) 37. Bh4 Rg6 38. Qd2 Rg4 39. Bf2 Bb7 40. cxd6 Bxe4 41. Qe2 f5 42. Qxa6 Rg6 43. Bc5 Rxg2+ $2 (43... Qg5 $19 {has better winning chances.} 44. g3 f4 45. Qc8+ Rg8) 44. Bxg2 $17 {[#]} Qg5 $1 {[%csl Ge4][%cal Rg5g2]} 45. Qf1 Bxg2 46. h4 Bxf1+ 47. hxg5 {[%mdl 4096] Endgame KB-KB} Bb5 {And now ...Kg7 would win.} 48. d7 Bxd7 49. Bd6 Kg7 50. Bxe5+ Kg6 51. Kf2 Kxg5 {...f4 is the strong threat.} 52. Kg3 Ba4 53. Bf4+ Kf6 54. Kf2 h5 55. Ke3 h4 56. Bc7 Kg5 57. Bd6 Kg4 58. Bc7 Kh3 59. Kf2 Bc6 60. Bd6 Kg4 61. Ke3 Kg5 62. Be7+ f6 {aiming for ...f4+.} 63. Bd6 Kg6 64. Bb8 h3 65. Bc7 {intending Kf2.} Kf7 (65... Kg5 $142 66. Bf4+ Kg4) 66. Kd4 Ke6 67. Bf4 Kd7 68. Kc5 Be4 69. Bh2 Bb7 70. Bf4 Bg2 71. Bh2 Ke6 72. Kd4 Kd7 73. Kc5 $1 Kc8 {Black is better.} 74. Kb6 Be4 75. Bf4 Bf3 76. Bh2 Kd7 77. Kc5 Ke6 {Hoping for ...f4!} 78. Kd4 Be4 {Accuracy: White = 74%, Black = 84%.} 1/2-1/2

[Event "2nd Cairns Cup 2020"]
[Site "Saint Louis"]
[Date "2020.02.16"]
[Round "9.1"]
[White "Harika, Dronavalli"]
[Black "Koneru, Humpy"]
[Result "1/2-1/2"]
[WhiteElo "2518"]
[BlackElo "2580"]
[Annotator "TA"]
[PlyCount "57"]
[EventDate "2020.02.07"]
[EventCountry "USA"]
[SourceTitle "playchess.com"]
[Source "ChessBase"]
[SourceQuality "1"]

{[%evp 27,57,16,37,30,29,35,34,35,41,36,49,33,45,37,39,42,57,33,31,30,31,0,30,30,55,41,38,0,53,0,39,0]} 1. e4 e5 2. Nf3 Nf6 3. Nc3 Nc6 4. d4 exd4 5. Nxd4 Bb4 6. Nxc6 bxc6 7. Bd3 d5 8. exd5 cxd5 9. O-O O-O 10. Bg5 c6 11. Qf3 h6 12. Bxf6 Qxf6 13. Qxf6 gxf6 14. Ne2 Bd6 15. Nd4 {C47: Scotch Four Knights and Four Knights with 4 g3.} c5 16. Nf5 Bxf5 17. Bxf5 Rfe8 18. Rad1 d4 19. Rfe1 Re5 20. Bd3 Rae8 21. Kf1 Kg7 22. Re2 Bc7 {[#]} 23. Rde1 $146 ({Predecessor:} 23. g3 Rb8 24. Rb1 Ba5 25. f4 Rxe2 26. Kxe2 Bc3 27. b3 Re8+ 28. Kf2 Re3 {½-½ (30) Macias Murillo,B (2382)-Matamoros Franco,C (2548) Quito 2012}) 23... Ba5 24. Rd1 R8e7 (24... Bc7 {looks sharper.}) 25. g3 Bc7 26. Rde1 Ba5 27. Rd1 Bc7 28. Rde1 Ba5 $1 {[%cal Ra5e1]} 29. Rd1 {Accuracy: White = 84%, Black = 87%.} 1/2-1/2

[Event "2nd Cairns Cup 2020"]
[Site "Saint Louis"]
[Date "2020.02.16"]
[Round "9.2"]
[White "Kosteniuk, Alexandra"]
[Black "Ju, Wenjun"]
[Result "0-1"]
[WhiteElo "2504"]
[BlackElo "2583"]
[Annotator "TA"]
[PlyCount "112"]
[EventDate "2020.02.07"]
[EventCountry "USA"]
[SourceTitle "playchess.com"]
[Source "ChessBase"]
[SourceQuality "1"]

{[%evp 18,112,22,16,30,14,24,16,18,1,28,0,8,-10,-16,-41,-37,-58,-19,-19,-13,-39,-27,-66,-61,-62,-58,-58,-45,-66,-45,-37,0,0,0,0,0,-33,-30,-31,-31,-100,-92,-250,-259,-263,-265,-237,-238,-238,-48,-283,-287,-272,-280,-269,-272,-269,-280,-253,-276,-475,-475,-463,-476,-446,-393,-494,-443,-531,-541,-531,-533,-444,-414,-516,-510,-539,-517,-511,-515,-552,-482,-478,-463,-533,-269,-166,-185,-1449,-1327,-1317,-1388,-1387,-1312,-1118,-1110]} 1. e4 e5 2. Nf3 Nc6 3. Bb5 Nf6 4. O-O Nxe4 5. d4 Nd6 6. Bxc6 dxc6 7. dxe5 Nf5 8. Qxd8+ Kxd8 9. Rd1+ {9.h3 is becoming the main line.} Ke8 10. Nc3 Bd7 {C67: Ruy Lopez: Berlin Defence: 4 0-0 Nxe4.} 11. b3 Be7 12. Bb2 Rd8 {[#] The position is equal.} 13. Ne4 $146 ({Predecessor:} 13. h3 h5 14. Kf1 b6 15. a4 a5 16. Ne2 c5 17. Nc3 Bc6 18. Nb5 Rxd1+ 19. Rxd1 {1-0 (55) Savchenko,B (2630)-Romanov,E (2624) Taganrog 2011}) 13... h5 14. Rd2 Bc8 15. Re2 c5 16. Rae1 Rh6 17. c4 Kf8 (17... Ra6 {with more complications.} 18. Nc3 c6 19. Bc1 Nd4 20. Rb2 Bf5) 18. Rd2 Rxd2 19. Nexd2 Ra6 20. a4 g5 {Strongly threatening ...g4.} 21. Ne4 g4 22. Nfd2 Nd4 23. Nc3 c6 24. Nce4 b5 25. Nd6 Be6 26. cxb5 cxb5 27. axb5 Ra2 28. Bxd4 cxd4 29. N2c4 (29. Rd1 $1 $15) 29... h4 $17 30. Kf1 $2 (30. Rd1 $17) 30... h3 $19 31. gxh3 gxh3 32. Re2 Ra1+ 33. Re1 Rxe1+ $1 34. Kxe1 {[%mdl 4096] Endgame [#] KBB-KNN} Bg5 $1 35. Ne4 Bf4 36. Ng3 {[#] intending Ke2.} d3 $1 37. Nf1 Ke8 38. Nb2 Bf5 ({Not} 38... Bxe5 39. Nxd3 Bd6 40. Kd2 $17) 39. Ng3 $2 (39. Nc4 {is a better defense.} Kd7 40. Ng3) 39... d2+ 40. Kd1 Bg4+ 41. Kc2 Bxe5 42. Nd1 Bf4 43. Nf1 Be2 44. Ng3 Bf3 45. Nf1 Be4+ 46. Kc3 Bg2 47. Ng3 Bf3 48. Kc2 Kd7 49. Nc3 Kc7 50. Nf1 Kb7 51. b4 Kb6 52. Nxd2 Bg2 53. Nde4 $2 (53. Nf1) 53... Bxh2 {Black is clearly winning.} 54. Nd5+ Kxb5 55. Nec3+ Kc6 56. b5+ Kb7 {Accuracy: White = 61%, Black = 87%.} 0-1

[Event "2nd Cairns Cup 2020"]
[Site "Saint Louis"]
[Date "2020.02.16"]
[Round "9.3"]
[White "Yip, Carissa"]
[Black "Muzychuk, Mariya"]
[Result "1/2-1/2"]
[WhiteElo "2412"]
[BlackElo "2552"]
[Annotator "TA"]
[PlyCount "61"]
[EventDate "2020.02.07"]
[EventCountry "USA"]
[SourceTitle "playchess.com"]
[Source "ChessBase"]
[SourceQuality "1"]

{[%evp 26,61,1,13,12,1,6,12,6,0,0,0,0,0,0,-21,10,8,14,18,23,26,12,18,31,0,24,8,18,4,4,3,20,0,12,0,0,0]} 1. e4 c6 2. d4 d5 3. Nd2 dxe4 4. Nxe4 Bf5 5. Ng3 Bg6 6. h4 h6 7. Nf3 Nd7 8. h5 Bh7 9. Bd3 Bxd3 10. Qxd3 e6 11. Bd2 Ngf6 12. O-O-O Be7 13. Ne4 Nxe4 14. Qxe4 Nf6 {B19: Classical Caro-Kann: 4...Bf5 main line.} 15. Qd3 c5 16. Qb5+ Qd7 {[#]} 17. Qe2 $146 ({Predecessor:} 17. Qxd7+ Nxd7 18. Be3 cxd4 19. Bxd4 Bf6 20. Be3 Rc8 21. Rd2 Nc5 22. Rhd1 O-O 23. g4 {½-½ (36) Huschenbeth,N (2628)-Piorun,K (2623) Germany 2019}) 17... cxd4 {[#]} 18. Bc3 $1 {[%mdl 512]} O-O {...Qa4 is the strong threat.} (18... dxc3 19. Rxd7) 19. Bxd4 Qc6 20. Ne5 Qe4 21. Qxe4 Nxe4 22. c3 Rfd8 23. Rhe1 Nf6 24. g4 Nd5 25. Kb1 Bf6 26. Nf3 Rac8 {The position is equal.} 27. Bxf6 Nxf6 28. Ne5 Kf8 29. f3 Ke7 30. c4 Nd7 31. Nxd7 {Accuracy: White = 92%, Black = 91%.} 1/2-1/2

[Event "2nd Cairns Cup 2020"]
[Site "Saint Louis"]
[Date "2020.02.16"]
[Round "9.4"]
[White "Krush, Irina"]
[Black "Dzagnidze, Nana"]
[Result "1-0"]
[WhiteElo "2422"]
[BlackElo "2515"]
[Annotator "TA"]
[PlyCount "67"]
[EventDate "2020.02.07"]
[EventCountry "USA"]
[SourceTitle "playchess.com"]
[Source "ChessBase"]
[SourceQuality "1"]

{[%evp 18,73,70,74,85,53,69,60,70,67,58,72,95,83,120,125,109,97,112,117,162,142,247,221,218,173,230,165,246,176,355,337,323,336,1038,1042,1012,1049,1016,968,1924,1706,29992,29988,29991,2766,2287,2316,29986,29987,29982,3464,2732,2514,29987,29988,29993,29989]} 1. d4 Nf6 2. c4 c5 3. d5 e6 4. Nc3 exd5 5. cxd5 d6 6. e4 g6 7. Nf3 Bg7 8. Be2 O-O 9. O-O Na6 10. Bf4 Nc7 {A73: Modern Benoni: Classical: Unusual Black 9th moves.} 11. Nd2 Nfe8 12. a4 f5 {White is slightly better.} 13. exf5 Bxf5 14. Bg3 {[#]} h5 $146 ({Predecessor:} 14... Bd4 15. Nc4 Qf6 16. Qd2 a6 17. Nb6 Rb8 18. Rae1 Na8 19. Nc4 Nac7 20. Bf3 b5 {0-1 (41) Plachetka,J (2470)-Horvath,C (2450) Stary Smokovec 1991}) 15. h3 Bd4 16. Nf3 Bf6 17. Bd3 Ng7 18. Ne4 Be7 19. Re1 h4 (19... Bxe4 $16 {keeps fighting.} 20. Bxe4 Nf5) 20. Bh2 $18 b6 21. Ra3 {[%cal Ba1a3,Ba3e3,Be3e2,Be2e4,Be4h4,Bh4g4,Bg4g6][%mdl 32]} Rb8 (21... Qd7 $142 22. Bc4 Bxe4 23. Rxe4 Nf5) 22. Bb1 Nh5 (22... Qd7 {was necessary.} 23. Qd2 Nh5) 23. Qd2 Kg7 $2 (23... Qd7 {is a better defense.} 24. a5 Rfe8) 24. Rae3 Rf7 25. R3e2 Bxe4 $2 (25... Rc8 26. Neg5 Bxg5 27. Nxg5 Bxb1 28. Nxf7 (28. Rxb1 Rf5 $18) 28... Kxf7 29. Rxb1 Nf6) 26. Rxe4 Nf6 27. Rxh4 {Intending Qh6+ and mate.} Ng8 28. Rg4 Rxf3 29. Rxg6+ Kh8 30. gxf3 Qf8 {[#]} 31. Qc3+ (31. Rxe7 $142 $1 Qxe7 32. Bxd6 Qxd6 33. Rxd6 Ne8 34. Rd7 Rb7 35. Rxb7 Nef6 36. Qg5 Nd7 37. Rxd7 Ne7 38. Qf6+ Kg8 39. Rd8#) 31... Bf6 32. Qd3 Re8 33. Rxe8 Nxe8 {[#]} 34. Bf4 {Played: Qd3-f5} 1-0

[Event "2nd Cairns Cup 2020"]
[Site "Saint Louis"]
[Date "2020.02.16"]
[Round "9.5"]
[White "Gunina, Valentina"]
[Black "Lagno, Kateryna"]
[Result "1/2-1/2"]
[WhiteElo "2461"]
[BlackElo "2552"]
[Annotator "TA"]
[PlyCount "147"]
[EventDate "2020.02.07"]
[EventCountry "USA"]
[SourceTitle "playchess.com"]
[Source "ChessBase"]
[SourceQuality "1"]

{[%evp 13,147,0,5,-19,-8,-16,0,0,-2,-6,0,-7,-12,-8,-8,-14,0,0,6,0,0,0,0,-22,10,0,50,0,0,0,0,0,0,0,27,17,80,50,109,105,106,51,39,37,47,31,31,29,75,85,148,0,0,0,59,66,62,83,83,78,435,508,5218,5210,1854,361,301,317,459,447,331,53,53,53,53,53,53,53,53,53,53,53,53,53,53,11,14,0,0,0,0,0,0,0,0,0,0,0,0,0,0,0,0,0,0,0,0,0,0,0,0,0,0,0,0,0,0,0,0,0,0,0,0,0,0,0,0,0,0,0,0,0,0,0,0,0]} 1. e4 e5 2. Nf3 Nc6 3. Bc4 Bc5 4. d3 Nf6 5. Nc3 a6 6. a3 h6 7. h3 d6 8. Nh2 {C50: Hungarian Defence and Giuoco Pianissimo.} Nd4 {[#]} 9. Be3 $146 ({Predecessor:} 9. f4 exf4 10. Bxf4 Nh7 11. Kd2 Qh4 12. Nd5 Ne6 13. Rf1 c6 14. Nb6 Nxf4 15. Nxa8 O-O {0-1 (54) Adamek,S (1592)-Janku,V (1670) Ostrava 2003}) 9... Be6 (9... O-O {looks sharper.} 10. Ng4 c6 11. Nxf6+ Qxf6 12. O-O Qg6) 10. Bxe6 Nxe6 11. Bxc5 dxc5 12. Ng4 Nxg4 13. hxg4 c6 14. Qd2 b5 15. Ne2 Qd6 16. g5 {[%cal Rg5h6]} h5 17. O-O-O O-O-O 18. g3 Kb7 19. f4 Rd7 20. Rhf1 (20. f5 $5 {[%cal Rf5e6]} Nc7 21. Kb1 $14) 20... Rhd8 21. fxe5 Qxe5 22. Rf5 Qc7 23. Nf4 $1 c4 (23... Qd6 {feels hotter.} 24. c3 Nxf4 25. Qxf4 Qxf4+ 26. gxf4 Kb6) 24. Rxf7 $1 Nxg5 (24... Nxf4 $1 $11 25. Rxd7 (25. Rxf4 cxd3 26. Qe3 dxc2 $15) 25... Nxd3+ 26. Qxd3 cxd3 27. Rxc7+ Kxc7) 25. Rxd7 $16 Rxd7 ({Black should try} 25... Qxd7 $14 26. Qe3 (26. Nxh5 Qg4 $11) 26... Qg4) 26. Qe2 cxd3 27. cxd3 (27. Nxd3 $16 Ne6 28. e5 (28. Qxh5 Qxg3 29. Kb1 Re7 $14)) 27... Qb6 $14 28. Kb1 Qd4 29. Rc1 g6 $1 30. e5 Re7 31. Qc2 Rc7 (31... Qd7 $142) 32. Nxg6 (32. e6 $1 $16 {[%cal Re6e7]} Qd8 33. Qf2) 32... Ne6 $11 33. Rf1 Qd5 (33... Qe3 $11) 34. Qe2 $36 {[%mdl 2048] White has some pressure.} Rg7 35. Nf4 Nxf4 36. gxf4 $16 {[%mdl 4096] Endgame KQR-KQR} Rg2 $2 {[%mdl 8192]} (36... h4 $16 {is more resistant.}) 37. Qe4 $18 h4 (37... Qxe4 $142 38. dxe4 Kc7) 38. Qxd5 cxd5 {KR-KR} 39. Rh1 $2 (39. f5 {Threatens to win with f6.} h3 40. f6) 39... Rg4 {[#]} 40. f5 $1 Rf4 (40... Kc7 {might work better.} 41. f6 Rf4) 41. f6 Kc7 {[#]} 42. Rg1 $2 (42. d4 $1 $18) 42... d4 $1 $14 43. Rg6 Kd7 44. f7 $1 {White wants to mate with Rf6.} Ke7 $1 {[%cal Re7f7]} 45. e6 $1 h3 46. Rh6 h2 47. Rxh2 {aiming for Rh8.} Kxe6 48. Rh6+ Kd5 $1 49. Rxa6 {And now Ra7 would win.} (49. Rh5+ {keeps more tension.} Kd6 50. Rh4 Rf1+ 51. Kc2 Rxf7 52. Rxd4+ Kc6 53. Kc3) 49... Rxf7 {The position is equal.} 50. Rh6 Rf3 51. Kc2 Rf2+ 52. Kb3 Rd2 53. Rh5+ Kc6 54. Rg5 Rxd3+ 55. Kb4 {Strongly threatening Rc5+.} Rd2 56. Rc5+ Kd6 57. b3 d3 58. Rc8 Kd5 59. Rd8+ Ke4 60. Kxb5 Ra2 61. a4 d2 62. a5 Ke3 63. a6 Ra1 64. b4 {[%cal Bb3b4,Bb4b5][%mdl 32]} d1=Q 65. Rxd1 Rxd1 $11 {KR-KPP} 66. Kc5 Ra1 67. b5 Kd3 68. Kd5 Ra5 69. Kc5 Kc3 70. Kb6 Kb4 71. a7 Rxb5+ 72. Kc6 Ra5 73. Kb7 {[#]} Rxa7+ $1 {[%mdl 512]} 74. Kxa7 {Accuracy: White = 84%, Black = 76%.} 1/2-1/2